[Event "COL-chT (Women)"]
[Site "Medellin"]
[Date "2021.12.11"]
[Round "5.2"]
[White "Caicedo Anguila, Juliana Andrea"]
[Black "Arcos Jojoa, Angela Sofia"]
[Result "1-0"]
[WhiteElo "1609"]
[BlackElo "1306"]
[PlyCount "43"]
[EventDate "2021.12.09"]
[EventType "team-tourn"]
[EventRounds "5"]
[EventCountry "COL"]
[SourceTitle "CBM 205 Extra"]
[Source "ChessBase"]
[SourceDate "2022.01.31"]
[SourceVersion "1"]
[SourceVersionDate "2022.01.31"]
[SourceQuality "1"]
[WhiteTeam "Atlantico Quintal (W)"]
[BlackTeam "Antioquia Talentos (W)"]
[WhiteTeamCountry "COL"]
[BlackTeamCountry "COL"]

1. d4 d5 2. c4 e6 3. Nc3 Nf6 4. cxd5 exd5 5. Bg5 Be7 6. e3 c6 7. Bxf6 Bxf6 8. Bd3 0-0 9. Qc2 g6 10. h3 Re8 11. Nge2 Nd7 12. 0-0 Bg7 13. b4 Nf6 14. b5 Qc7 15. bxc6 bxc6 16. Rfc1 Bb7 17. Rab1 Qe7 18. Na4 Ne4 19. Nec3 c5 20. Nxe4 dxe4 21. Bb5 Rec8 22. Nxc5 1-0

[Event "COL Subzt 2.3.4 (Women)"]
[Site "Risarald"]
[Date "2021.11.25"]
[Round "5"]
[White "Morales Perez, Ghisell"]
[Black "Arcos Jojoa, Angela Sofia"]
[Result "1-0"]
[WhiteElo "1261"]
[BlackElo "1418"]
[PlyCount "89"]
[EventDate "2021.11.23"]
[EventType "swiss"]
[EventRounds "9"]
[EventCountry "COL"]
[SourceTitle "CBM 205 Extra"]
[Source "ChessBase"]
[SourceDate "2022.01.31"]
[SourceVersion "1"]
[SourceVersionDate "2022.01.31"]
[SourceQuality "1"]

1. d4 d5 2. Bf4 Nf6 3. e3 c5 4. c3 Qb6 5. Qc2 Bf5 6. Qxf5 Nc6 7. Qc2 g6 8. Nf3 Bg7 9. Be2 0-0 10. 0-0 Rac8 11. dxc5 Qxc5 12. Nbd2 Rfe8 13. Rac1 e5 14. Bg3 e4 15. Nd4 Nxd4 16. exd4 Qc6 17. a4 a6 18. Nb3 Qxa4 19. Nc5 Qc6 20. Qb3 b5 21. Ra1 Ra8 22. Ra2 e3 23. f3 Nd7 24. Nxd7 Qxd7 25. Rfa1 Re6 26. Bxb5 Qb7 27. Ba4 Qxb3 28. Bxb3 Kf8 29. Bxd5 Rb6 30. Bxa8 f5 31. Kf1 g5 32. f4 g4 33. Ke2 Rb8 34. Bd5 Rd8 35. Be6 h5 36. Bxf5 Rd5 37. Be4 Rd8 38. Kxe3 Re8 39. Rxa6 Kg8 40. Ra8 Rxa8 41. Rxa8+ Kf7 42. Ra7+ Kf6 43. Bh4+ Ke6 44. d5+ Kd6 45. Be7# 1-0

[Event "COL Subzt 2.3.4 (Women)"]
[Site "Risarald"]
[Date "2021.11.23"]
[Round "1"]
[White "Mogollon Tobar, Nicolle Juliet"]
[Black "Arcos Jojoa, Angela Sofia"]
[Result "1-0"]
[WhiteElo "1914"]
[BlackElo "1418"]
[PlyCount "37"]
[EventDate "2021.11.23"]
[EventType "swiss"]
[EventRounds "9"]
[EventCountry "COL"]
[SourceTitle "CBM 205 Extra"]
[Source "ChessBase"]
[SourceDate "2022.01.31"]
[SourceVersion "1"]
[SourceVersionDate "2022.01.31"]
[SourceQuality "1"]

1. e4 e5 2. Nf3 Nc6 3. d4 f6 4. dxe5 fxe5 5. Bc4 Be7 6. Qd5 Nh6 7. Bxh6 Rf8 8. Bxg7 Rf4 9. Bxe5 Nxe5 10. Qxe5 Rg4 11. Qh5+ Rg6 12. Ne5 d6 13. Nxg6 hxg6 14. Qxg6+ Kd7 15. Qf5+ Ke8 16. Bf7+ Kf8 17. Qg6 Bf6 18. Bd5 Qe7 19. Qg8# 1-0

[Event "Pan American-ch U10 Girls"]
[Site "Cali"]
[Date "2015.07.02"]
[Round "7"]
[White "Arcos Jojoa, Angela Sofia"]
[Black "Sarmiento, Erika Daniela"]
[Result "1-0"]
[WhiteElo "1450"]
[BlackElo "1462"]
[PlyCount "41"]
[EventDate "2015.06.28"]
[EventType "swiss"]
[EventRounds "9"]
[EventCountry "COL"]
[SourceTitle "EXT 2016"]
[Source "ChessBase"]
[SourceDate "2015.10.08"]
[SourceVersion "1"]
[SourceVersionDate "2015.10.08"]
[SourceQuality "1"]

1. e4 e5 2. Nf3 Nc6 3. Nc3 Nf6 4. Bb5 Bc5 5. Nxe5 Nxe5 6. d4 Ng6 7. dxc5 c6 8. Bc4 0-0 9. Bg5 h6 10. Bxf6 Qxf6 11. 0-0 Rd8 12. Qd6 Qg5 13. Qg3 Qxg3 14. fxg3 Ne5 15. Bb3 d6 16. Rad1 Bg4 17. Rxd6 Rxd6 18. cxd6 Rd8 19. h3 Bh5 20. Rf5 Rxd6 21. Rxe5 1-0

[Event "Pan American-ch U10 Girls"]
[Site "Cali"]
[Date "2015.07.01"]
[Round "6"]
[White "Kaslan, Victoria"]
[Black "Arcos Jojoa, Angela Sofia"]
[Result "1-0"]
[WhiteElo "1589"]
[BlackElo "1450"]
[PlyCount "33"]
[EventDate "2015.06.28"]
[EventType "swiss"]
[EventRounds "9"]
[EventCountry "COL"]
[SourceTitle "EXT 2016"]
[Source "ChessBase"]
[SourceDate "2015.10.08"]
[SourceVersion "1"]
[SourceVersionDate "2015.10.08"]
[SourceQuality "1"]

1. d4 Nf6 2. Nf3 g6 3. Bf4 Bg7 4. e3 d6 5. h3 0-0 6. Be2 Nc6 7. 0-0 Nd7 8. Nc3 e5 9. Bh2 exd4 10. exd4 Re8 11. Re1 Qf6 12. Nd5 Qd8 13. c4 b6 14. Rc1 Bb7 15. b4 Ne7 16. b5 c5 17. Bxd6 1-0

[Event "COL-ch U10 Girls"]
[Site "Medellin"]
[Date "2015.04.30"]
[Round "5.1"]
[White "Sarmiento, Erika Daniela"]
[Black "Arcos Jojoa, Angela Sofia"]
[Result "0-1"]
[WhiteElo "1549"]
[BlackElo "1371"]
[PlyCount "50"]
[EventDate "2015.04.28"]
[EventType "swiss"]
[EventRounds "11"]
[EventCountry "COL"]
[SourceTitle "EXT 2024"]
[Source "ChessBase"]
[SourceDate "2023.10.10"]
[SourceVersion "1"]
[SourceVersionDate "2023.10.10"]
[SourceQuality "1"]

1. e4 c5 2. Nf3 d6 3. d4 cxd4 4. Nxd4 Nf6 5. Nc3 g6 6. Be3 Bg7 7. Qd2 0-0 8. 0-0-0 Nc6 9. f3 Nxd4 10. Bxd4 Be6 11. h4 Qa5 12. Kb1 Rfc8 13. a3 Rab8 14. h5 b5 15. Nd5 Qxd2 16. Rxd2 Bxd5 17. exd5 a5 18. g4 b4 19. g5 Nxh5 20. Bxg7 Kxg7 21. Bh3 Rc7 22. Bg4 Nf4 23. Rdh2 Rh8 24. axb4 axb4 25. b3 Nxd5 0-1

[Event "COL-ch U10 Girls"]
[Site "Medellin"]
[Date "2015.04.28"]
[Round "2.5"]
[White "Largo Chaparro, Sofia Alejandra"]
[Black "Arcos Jojoa, Angela Sofia"]
[Result "0-1"]
[WhiteElo "1518"]
[BlackElo "1371"]
[PlyCount "21"]
[EventDate "2015.04.28"]
[EventType "swiss"]
[EventRounds "11"]
[EventCountry "COL"]
[SourceTitle "EXT 2024"]
[Source "ChessBase"]
[SourceDate "2023.10.10"]
[SourceVersion "1"]
[SourceVersionDate "2023.10.10"]
[SourceQuality "1"]

1. d4 Nf6 2. Nf3 g6 3. Bf4 d6 4. e3 Bg7 5. Be2 0-0 6. Nbd2 b6 7. c3 Bb7 8. 0-0 Nbd7 9. Bd3 c5 10. h3 Ne4 11. Bxe4 0-1

[Event "COL-ch U20 Girls"]
[Site "Bogota"]
[Date "2015.03.13"]
[Round "4"]
[White "Arcos Jojoa, Angela Sofia"]
[Black "Castano, Saray"]
[Result "0-1"]
[WhiteElo "1505"]
[BlackElo "1393"]
[PlyCount "64"]
[EventDate "2015.03.12"]
[EventType "swiss"]
[EventRounds "7"]
[EventCountry "COL"]
[SourceTitle "CBM 165 Extra"]
[Source "ChessBase"]
[SourceDate "2015.04.21"]
[SourceVersion "1"]
[SourceVersionDate "2015.04.21"]
[SourceQuality "1"]

1. e4 c5 2. Nf3 d6 3. d4 cxd4 4. Nxd4 Nf6 5. Nc3 g6 6. Be3 Bg7 7. f3 0-0 8. Qd2 Nc6 9. 0-0-0 Nxd4 10. Bxd4 Be6 11. Kb1 Qc7 12. g4 Rfc8 13. h4 Qa5 14. a3 Rab8 15. h5 b5 16. Nd5 Qxd2 17. Rxd2 Nxd5 18. exd5 Bd7 19. Bxa7 Ra8 20. Bd4 Bxd4 21. Rxd4 Ra7 22. hxg6 hxg6 23. g5 Kf8 24. Rdh4 e6 25. dxe6 Bxe6 26. Bxb5 Ke7 27. Rh7 Rb8 28. Bd3 Rxa3 29. Re1 Kd7 30. Bxg6 Rxf3 31. Re4 Rf1+ 32. Re1 Rxe1# 0-1

[Event "Medellin op"]
[Site "Medellin"]
[Date "2013.??.??"]
[Round "3.14"]
[White "Pineda Arroyave, Oriana"]
[Black "Arcos Jojoa, Angela Sofia"]
[Result "1-0"]
[WhiteElo "1300"]
[BlackElo "1235"]
[PlyCount "23"]
[EventDate "2013.01.29"]
[EventType "swiss"]
[EventRounds "7"]
[EventCountry "COL"]
[SourceTitle "EXT 2024"]
[Source "ChessBase"]
[SourceDate "2023.10.10"]
[SourceVersion "1"]
[SourceVersionDate "2023.10.10"]
[SourceQuality "1"]

1. e4 d5 2. Nc3 Nf6 3. d3 Nc6 4. Nf3 Bg4 5. Be2 e6 6. 0-0 Bb4 7. Bg5 0-0 8. e5 Qd7 9. exf6 gxf6 10. Bxf6 Rae8 11. Qd2 d4 12. Qg5# 1-0

[Event "COL-ch U08 Girls"]
[Site "Santander"]
[Date "2012.06.18"]
[Round "9"]
[White "Albor Rebolledo, Andrea Maria"]
[Black "Arcos Jojoa, Angela Sofia"]
[Result "1-0"]
[WhiteElo "1321"]
[BlackElo "1207"]
[PlyCount "37"]
[EventDate "2012.06.13"]
[EventType "tourn"]
[EventRounds "9"]
[EventCountry "COL"]
[SourceTitle "EXT 2014"]
[Source "ChessBase"]
[SourceDate "2013.11.20"]
[SourceVersion "1"]
[SourceVersionDate "2013.11.20"]
[SourceQuality "1"]

1. e4 d5 2. Nc3 Nf6 3. Nf3 dxe4 4. Ng5 Bg4 5. Ne2 Bxe2 6. Bxe2 Nbd7 7. Bb5 e6 8. Bc4 Bb4 9. a3 Bxd2+ 10. Bxd2 Ne5 11. Bxe6 fxe6 12. Qe2 0-0 13. Bc3 h6 14. Rd1 Qe7 15. Nxe4 Nxe4 16. Qxe4 Rf5 17. Bxe5 Raf8 18. Kd2 Rd8+ 19. Kc1 1-0

[Event "COL-ch U08 Girls"]
[Site "Santander"]
[Date "2012.06.16"]
[Round "6"]
[White "Arcos Jojoa, Angela Sofia"]
[Black "Viveros, Clara Vanessa"]
[Result "0-1"]
[WhiteElo "1207"]
[BlackElo "1212"]
[PlyCount "43"]
[EventDate "2012.06.13"]
[EventType "tourn"]
[EventRounds "9"]
[EventCountry "COL"]
[SourceTitle "EXT 2014"]
[Source "ChessBase"]
[SourceDate "2013.11.20"]
[SourceVersion "1"]
[SourceVersionDate "2013.11.20"]
[SourceQuality "1"]

1. e4 e5 2. Nf3 Nc6 3. Bc4 Bc5 4. d3 d6 5. Nc3 Nf6 6. Bg5 h6 7. Bh4 g5 8. Nxg5 hxg5 9. Bxg5 Rg8 10. Nd5 Rxg5 11. Nxf6+ Qxf6 12. Qd2 Rxg2 13. 0-0-0 Bb4 14. Qe2 Qg5+ 15. Kb1 Bg4 16. Qf1 Bxd1 17. Qxd1 Rxf2 18. Rg1 Qf6 19. Qh5 Rf1+ 20. Qd1 Rxd1+ 21. Rxd1 Qf2 22. c3 0-1

[Event "COL-ch U08 Girls"]
[Site "Santander"]
[Date "2012.06.14"]
[Round "3"]
[White "Arias Pachon, Valentina"]
[Black "Arcos Jojoa, Angela Sofia"]
[Result "0-1"]
[WhiteElo "1300"]
[BlackElo "1207"]
[PlyCount "36"]
[EventDate "2012.06.13"]
[EventType "tourn"]
[EventRounds "9"]
[EventCountry "COL"]
[SourceTitle "EXT 2014"]
[Source "ChessBase"]
[SourceDate "2013.11.20"]
[SourceVersion "1"]
[SourceVersionDate "2013.11.20"]
[SourceQuality "1"]

1. e4 c6 2. d4 d5 3. Bd3 dxe4 4. Bxe4 Nf6 5. Bd3 Bg4 6. Nf3 e6 7. Be3 Bb4+ 8. c3 Ba5 9. 0-0 Bxf3 10. gxf3 Qd5 11. c4 Qd6 12. c5 Qd7 13. Kg2 Nh5 14. Kg1 Bc7 15. f4 Nxf4 16. Bxf4 Bxf4 17. Bc4 Qc7 18. Nc3 Bxh2+ 0-1